Resumenes de legislación mercantil comparada y sistemas aduaneros / (Record no. 154602)

MARC details
000 -LEADER
campo de control de longitud fija 00568nam a2200157 i 4500
001 - NÚMERO DE CONTROL
campo de control 154602
003 - IDENTIFICADOR DE NÚMERO DE CONTROL
campo de control ES-MaACL
005 - FECHA Y HORA DE LA ÚLTIMA TRANSACCIÓN
campo de control 20250717063035.0
008 - DATOS DE LONGITUD FIJA--INFORMACIÓN GENERAL
campo de control de longitud fija 931025s1887 sp |||| | spa d
100 1# - ENTRADA PRINCIPAL--NOMBRE DE PERSONA
Nombre de persona González Revilla, Leopoldo,
Fechas asociadas al nombre 1858-1915
9 (RLIN) 58905
245 10 - MENCIÓN DEL TÍTULO
Título Resumenes de legislación mercantil comparada y sistemas aduaneros /
Mención de responsabilidad, etc. por Leopoldo Gonzalez Reuilla.
260 ## - PUBLICACIÓN, DISTRIBUCIÓN, ETC.
Lugar de publicación, distribución, etc. Madrid :
Nombre del editor, distribuidor, etc. V\pda\s de Hernando y Cº,
Fecha de publicación, distribución, etc. 1887.
300 ## - DESCRIPCIÓN FÍSICA
Extensión 95 p. ;
Dimensiones 22 cm.
852 ## - LOCALIZACIÓN
Ubicación ES-MaACL
Número de control de estantería F-14304
Nota libre -- Enc. hol.
Encuadernación -- Edic.: tiene 99 p.
Holdings
Estatus retirado Estado de pérdida Estado de daño No para préstamo Colección Biblioteca de origen Biblioteca actual Ubicación en estantería Fecha de adquisición Fuente de adquisición Total de préstamos Signatura topográfica completa Código de barras Visto por última vez Precio de reemplazo Tipo de ítem Koha
        Libros del s. XIX Biblioteca del Ateneo de Madrid Biblioteca del Ateneo de Madrid Sala Pecera Planta 2 17/01/2008     F-14304 1161696 23/02/2023 23/02/2023 Libro impreso antiguo